Asian Countries with 20 Million People - Sudden Death - Statistics

General Stats
  • This quiz has been taken 285 times
  • The average score is 15 of 25
Answers on the Grid
Answers color-coded by a green-red scale on the quiz's grid according to % correct below.
Afghanistan
Armenia
Azerbaijan
Bahrain
Bangladesh
Bhutan
Brunei
Cambodia
China
Cyprus
East Timor
Georgia
India
Indonesia
Iran
Iraq
Israel
Japan
Jordan
Kazakhstan
Kuwait
Kyrgyzstan
Laos
Lebanon
Malaysia
Maldives
Mongolia
Myanmar
Nepal
North Korea
Oman
Pakistan
Philippines
Qatar
Saudi Arabia
Singapore
South Korea
Sri Lanka
Syria
Taiwan
Tajikistan
Thailand
Turkey
Turkmenistan
United Arab Emirates
Uzbekistan
Vietnam
Yemen
 
Answer Stats
Answer % Correct
China
88%
India
88%
Bangladesh
87%
Indonesia
79%
Japan
78%
Philippines
78%
Iran
76%
Pakistan
73%
South Korea
72%
Vietnam
72%
Afghanistan
71%
Turkey
70%
Thailand
69%
Malaysia
64%
Saudi Arabia
61%
Iraq
52%
Myanmar
49%
North Korea
46%
Taiwan
39%
Sri Lanka
36%
Kazakhstan
35%
Syria
32%
Uzbekistan
29%
Nepal
25%
Yemen
24%
No matching quizzes found
Score Distribution
Percent of People with Each Score
Percentile by Number Answered
Your Score History
You have not taken this quiz